000 01344nab a22002417a 4500
999 _c6268
_d6268
003 OSt
005 20260128192036.0
008 190514b xxu||||| |||| 00| 0 spa d
040 _cPJ
100 _96690
_aIud, Carolina D.
245 1 0 _aTodos los caminos conducen a Inglaterra :
_b¿todos? A propósito de la unión convivencial y las posibilidades del foro de necesidad para garantizar derechos sustanciales /
_cCarolina Iud, Nieve Rubaja.
300 _ap. 52-65
500 _aCita: TR LALEY AR/DOC/2714/2025.
505 _aSumario: I. Introducción.— II. El caso.— III. La jurisdicción internacional y el derecho aplicable en materia de uniones convivenciales. La importancia de la determinación del asiento jurisdiccional del caso.— IV. Foro de necesidad. — V. A modo de conclusión.
505 _tFallo comentado: CNCiv., sala H ~ 12/06/2025 ~ M. R., C. I. c. M. A., A. s/ fijación de compensación arts. 524, 525 CCCN.
650 0 _9967
_aDERECHO DE FAMILIA
650 0 _91053
_aUNIONES CONVIVENCIALES
650 0 _95830
_aCOMPENSACIÓN ECONÓMICA
650 0 _91057
_aJURISPRUDENCIA APLICABLE
700 _94324
_aRubaja, Nieve
773 0 _02844
_93222
_dBuenos Aires : AbeledoPerrot, 1989-
_tDerecho de familia. Revista Interdisciplinaria de doctrina y jurisprudencia. Diciembre 2025-VI.
_z18511201
942 _2udc
_cANA